| 000 | 01611cam a22004577a 4500 | ||
|---|---|---|---|
| 001 | 000093659 | ||
| 003 | CHAP | ||
| 005 | 20220817044021.0 | ||
| 008 | 050419d2005 mx r 00110 spa d | ||
| 010 | _a90125 | ||
| 011 | _a91097 | ||
| 035 | _a101655 | ||
| 040 | _cCHAP | ||
| 090 | _aTesis | ||
| 100 | 0 | 0 |
_aArellano Llamas, Kenia. _96915 |
| 245 | 1 | 0 |
_aManual para el diseño de proyectos de ecoturismo en México / _c/por Kenia Arellano Llamas. |
| 260 |
_aChapingo, Méx. : _bEl autor, _c2005. |
||
| 300 | _a124 h. | ||
| 502 | _aTesis (Ing. Agr. Esp. en Economía Agrícola) - - UACH. División de Ciencias Económico Administrativas | ||
| 590 |
_aALEPH _b10 _c20130110 _lUCH01 _h1505 |
||
| 590 |
_aBATCH-UPD _b10 _c20130110 _lUCH01 _h1855 |
||
| 590 |
_aBATCH-UPD _b10 _c20130410 _lUCH01 _h1224 |
||
| 590 |
_aBATCH-UPD _b10 _c20130914 _lUCH01 _h1159 |
||
| 590 |
_aBATCH-UPD _b10 _c20140324 _lUCH01 _h1450 |
||
| 590 |
_aBATCH-UPD _b10 _c20141002 _lUCH01 _h0826 |
||
| 590 |
_aBATCH _b00 _c20181121 _lUCH01 _h0758 |
||
| 590 |
_aCONVERSION _b10 _c20130109 _lUCH01 _h1350 |
||
| 590 |
_aE5765TAJ _b10 _c20130619 _lUCH01 _h0835 |
||
| 650 | 1 | 4 | _aDesarrollo sustentable. |
| 650 | 1 | 4 |
_aEcoturismo. _935298 |
| 650 | 1 | 4 |
_aProyectos _xDiseño. _992524 |
| 650 | 1 | 4 |
_aRecursos naturales _xConservación _xMéxico. _995242 |
| 856 |
_3Finding aid _uhttp://10.13.5.2/tesis/101655.pdf _zTeclea aquí |
||
| 856 |
_a1 _n0000483 |
||
| 901 | _aBK | ||
| 905 | _aLilia | ||
| 942 | _cCD | ||
| 942 | _n0 | ||
| 949 |
_aTesis _bBC _cTES _d1016551 _eTS1 _h43803 _i101655 _sb |
||
| 949 |
_aTesis _bBC _cTES _d33724000946125 _eTS2 _fc.2 _h43802 _i101655 _si |
||
| 999 |
_c90125 _d90125 |
||